| 000 | 01852cam a22005294i 4500 | ||
|---|---|---|---|
| 003 | PE-LiUPU | ||
| 005 | 20250731180137.0 | ||
| 008 | 150616s pe a rb 000 0 spa d | ||
| 035 | _a(Sirsi) a4326 | ||
| 040 |
_aPE-LiUPU _bspa _cPE-LiUPU _erda |
||
| 049 | _aPRUA | ||
| 082 | 0 | 4 |
_a516.32 _bE86 _221 |
| 100 | 1 |
_aEspinoza Ramos, Eduardo, _d1946-, _eautor. |
|
| 245 | 1 | 0 |
_aGeometría analítica plana : _bTeórico - práctico / _cEduardo Espinoza Ramos. |
| 264 | 1 |
_aLima : _b[s.d.], _c19 0. |
|
| 300 |
_a245 páginas : _bilustraciones gráfs., diagrs. ; _c20 centímetros |
||
| 336 |
_atext _2rdacontent |
||
| 337 |
_aunmediated _2rdamedia |
||
| 338 |
_avolume _2rdacarrier |
||
| 504 | _aIncluye bibliografía. | ||
| 505 | 0 | _aLa linea recta y sus ecuaciones -- Circunferencia y sus ecuaciones -- La parábola y sus ecuaciones -- La elipse -- La hipérbola -- Lugares geométricos. | |
| 526 | _aSEG44 | ||
| 526 | _aSEG26 | ||
| 526 | _aP159 | ||
| 526 | _aP155 | ||
| 526 | _aP154 | ||
| 526 | _aP153 | ||
| 526 | _aP150 | ||
| 526 | _aP100 | ||
| 526 | _aP31 | ||
| 526 | _aP30 | ||
| 526 | _aP26 | ||
| 526 | _aP25 | ||
| 526 | _aP24 | ||
| 526 | _aP22 | ||
| 526 | _aP15 | ||
| 526 | _aP10 | ||
| 650 | 0 | 4 |
_aGeometría analítica _xEstudio y enseñanza. |
| 650 | 0 | 4 |
_aGeometría analítica plana _vProblemas, ejercicios, etc. |
| 910 |
_ajck _bjvq _cjck |
||
| 942 |
_2ddc _cBOOK |
||
| 949 |
_a516.32 E86 _wDEWEY _c1 _i32160 _lCCODEBUL1 _mBUL _p25.00 _r0 _sY _tBOOK _u19920507 _xEDUCACION _PP20 _0COMPRA _o.STAFF. Colección General |
||
| 994 |
_aC0 _bPEPRU |
||
| 596 | _a1 | ||
| 999 |
_a516.32 E86 _wDEWEY _c48545 _i32160 _d48545 _e2016-11-30 _f2021-11-5 _g6 _lCCODEBUL1 _mBUL _n6 _p25.00 _q2 _r0 _sN _tBOOK _u2015-6-16 _xBIBLIOTECA _PP20 _0COMPRA _o.STAFF. Colección General |
||
| 980 |
_81 _gALBERTO SANCHEZ Responsable de Automatización |
||